00926nam a2200241Ia 450000100060000000300090000600800410001504000130005604000130006904100130008210000210009510000290011624500800014524500390022525000110026426000090027526000210028426000450030530000570035050002110040765000350061865000310065317226IT-RoPAU130308s9999 xx 000 0 und d aIT-RoPAU cIT-RoPAU aITALIANO aPerroux Francois gCodice Aut. SPICS: 2694 aScacco dell'economia moderna e le responsabilità del progresso umano (Lo) bUomini di Fronte Allo scacco (Gli) a1a ed. aROMA bEdizioni Paoline c1970 [1° Ed.:1970 - Ed.Ling.Originale:] a"21 p. (prefazione: no ; testo: 21 [pagine: 55-75])" aScacco di una Attività Sociale Scoperta di Orizzonti Nuovi Approfondimento dell'Esperienza Dello Scanco Contraddizione tra L'Industrializzazione sovietica e quella Occidentale e Possibilità di Progresso aSAGGI DI COMUNICAZIONE SOCIALE eCodice materia Spics: 3807